<?xml version="1.0" encoding="UTF-8"?>
<record
    xmlns:xsi="http://www.w3.org/2001/XMLSchema-instance"
    xsi:schemaLocation="http://www.loc.gov/MARC21/slim http://www.loc.gov/standards/marcxml/schema/MARC21slim.xsd"
    xmlns="http://www.loc.gov/MARC21/slim">

  <leader>00500nam a22001577a 4500</leader>
  <datafield tag="952" ind1=" " ind2=" ">
    <subfield code="0">0</subfield>
    <subfield code="1">0</subfield>
    <subfield code="2">ddc</subfield>
    <subfield code="4">0</subfield>
    <subfield code="7">0</subfield>
    <subfield code="8">RECRUITMENT</subfield>
    <subfield code="a">MES</subfield>
    <subfield code="b">MES</subfield>
    <subfield code="c">CAREER CORNER</subfield>
    <subfield code="d">2019-07-03</subfield>
    <subfield code="l">12</subfield>
    <subfield code="m">19</subfield>
    <subfield code="o">153.94 KHA/T</subfield>
    <subfield code="p">40637</subfield>
    <subfield code="r">2025-11-06 11:22:33</subfield>
    <subfield code="s">2025-02-19</subfield>
    <subfield code="w">2019-10-15</subfield>
    <subfield code="y">BK</subfield>
    <subfield code="z">U9R2</subfield>
  </datafield>
  <datafield tag="999" ind1=" " ind2=" ">
    <subfield code="c">40614</subfield>
    <subfield code="d">40614</subfield>
  </datafield>
  <controlfield tag="003">OSt</controlfield>
  <controlfield tag="005">20211201122720.0</controlfield>
  <controlfield tag="008">191015b           ||||| |||| 00| 0 eng d</controlfield>
  <datafield tag="020" ind1=" " ind2=" ">
    <subfield code="a">9789332546998</subfield>
  </datafield>
  <datafield tag="040" ind1=" " ind2=" ">
    <subfield code="c">oclc</subfield>
  </datafield>
  <datafield tag="082" ind1=" " ind2=" ">
    <subfield code="a">153.94</subfield>
    <subfield code="b">KHA/T</subfield>
  </datafield>
  <datafield tag="100" ind1=" " ind2=" ">
    <subfield code="a">Khattar, Dinesh </subfield>
    <subfield code="9">8396</subfield>
  </datafield>
  <datafield tag="245" ind1=" " ind2=" ">
    <subfield code="a">The Pearson Guide to Quantitative Aptitude for Competitive Examinations /</subfield>
    <subfield code="c">Dinesh Khattar</subfield>
  </datafield>
  <datafield tag="260" ind1=" " ind2=" ">
    <subfield code="a">Noida:</subfield>
    <subfield code="b">Pearson,</subfield>
    <subfield code="c">2017.</subfield>
  </datafield>
  <datafield tag="942" ind1=" " ind2=" ">
    <subfield code="2">ddc</subfield>
    <subfield code="c">BK</subfield>
    <subfield code="h">153.94</subfield>
    <subfield code="i">KHA/T</subfield>
    <subfield code="k">153.94</subfield>
    <subfield code="m">KHA/T</subfield>
  </datafield>
</record>
